| 000 | 00980nam a22003257a 4500 | ||
|---|---|---|---|
| 003 | CHAP | ||
| 005 | 20220817044358.0 | ||
| 008 | 101006s2006 it rn 00110 eng d | ||
| 010 | _a99380 | ||
| 011 | _a100352 | ||
| 020 | _a9789251058664 | ||
| 035 | _a111038 | ||
| 040 | _cCHAP | ||
| 082 | 0 | 4 |
_a641.3 _bF33y v.4 |
| 110 | 2 | _aFAO | |
| 245 | 1 | 0 |
_aCompendium of food additive specifications _c/por FAO |
| 260 |
_aRoma : _bFAO, _c2007 |
||
| 300 | _axi, 155 p. | ||
| 490 | 0 |
_aFAO. JECFA monographs _v; 4 |
|
| 590 |
_aBATCH-UPD _b10 _c20130110 _lUCH01 _h1740 |
||
| 590 |
_aBATCH-UPD _b10 _c20130410 _lUCH01 _h1120 |
||
| 590 |
_aCONVERSION _b10 _c20130109 _lUCH01 _h1355 |
||
| 650 | 1 | 4 |
_aAditivos alimenticios. _9907 |
| 650 | 1 | 4 |
_aAlimentos _xAnalisis _xManuales. _94166 |
| 650 | 1 | 4 |
_aAlimentos _xNormas de calidad. _94256 |
| 830 | 0 |
_aFAO. JECFA monographs _v; 4 _939608 |
|
| 901 | _aBK | ||
| 942 | _cLIBRO | ||
| 949 |
_a641.3 F33y v.4 _bBC _cFAO _d33724002072553 _eFAO1 _h113557 _i111038 _sb |
||
| 999 |
_c99380 _d99380 |
||